[Event "USCL Week 4"]
[Site "?"]
[Date "2012.09.26"]
[Round "?"]
[White "Kannappan, Priyadharshan"]
[Black "Kekelidze, Mikheil"]
[Result "1-0"]
[WhiteElo "2457"]
[BlackElo "2628"]
[PlyCount "147"]
[EventDate "2012.??.??"]

1. e4 c5 2. Nf3 e6 3. g3 Nc6 4. Bg2 Nf6 5. Qe2 Be7 6. O-O O-O 7. c3 Rb8 8. Na3
Qa5 9. e5 Nd5 10. Nc4 Qa6 11. d3 b5 12. Ne3 Nxe3 13. Bxe3 Bb7 14. a3 Na5 15.
Rad1 Nb3 16. Ne1 d6 17. Qc2 Qa4 18. exd6 Bxd6 19. d4 Bxg2 20. Kxg2 c4 21. Qe4
Qa6 22. Nf3 Rfe8 23. Bf4 Rbd8 24. Bxd6 Qxd6 25. Rfe1 Qd5 26. Qe2 a5 27. Kg1 f6
28. Nh4 a4 29. Ng2 e5 30. Ne3 Qe4 31. dxe5 Qxe5 32. Rxd8 Rxd8 33. Rd1 Rxd1+ 34.
Qxd1 h5 35. Qd7 Kh7 36. Qf5+ Qxf5 37. Nxf5 Nc1 38. Nd4 Nd3 39. Nxb5 Nxb2 40. f4
Kg6 41. Kf2 h4 42. g4 f5 43. g5 Nd3+ 44. Ke3 Nc5 45. Nd6 h3 46. Nxc4 Ne4 47.
Ne5+ Kh5 48. c4 Ng3 49. c5 Nf1+ 50. Kf2 Nxh2 51. Kg3 Nf1+ 52. Kxh3 Ne3 53. c6
Nd5 54. Kg3 Nc7 55. Kf2 Kh4 56. Kf3 Kh5 57. Ke2 Nd5 58. Kf3 Nc7 59. Nc4 Kg6 60.
Nd6 Nd5 61. Nb5 Nb6 62. Ke3 Kf7 63. Kd4 Ke7 64. Kc5 Nc8 65. Nc3 Kd8 66. Nxa4
Ne7 67. Kd6 Nc8+ 68. Kc5 Ne7 69. Nb6 Ng6 70. Nd5 Kc8 71. Kd6 Kb8 72. Ne7 Nxe7
73. Kxe7 Kc7 74. Ke6 1-0